000 00698nam a22001577a 4500
003 OSt
005 20240410111257.0
008 240410b |||||||| |||| 00| 0 eng d
040 _cCentral Library MRSPTU
100 _aCharnjeet Kaur (ਚਰਨਜੀਤ ਕੋਰ)
245 _aAurat : Dasha ate Disha (ਔਰਤ : ਦਸ਼ਾ ਅਤੇ ਦਿਸ਼ਾ
_bAn Analysis based on the work of Tarksheel Society Punjab (ਤਰਕਸ਼ੀਲ ਸੁਸਾਇਟੀ ਪੰਜਾਬ ਵੱਲੋਂ ਹੱਲ ਕੀਤੇ ਕੇਸਾਂ ਤੇ ਆਧਾਰਿਤ ਵਿਸ਼ਲੇਸ਼ਣ)
250 _a1st
260 _aFaridkot
_bDistrict Sakhrta Samti
_c1997
300 _a98
942 _2ddc
_cBK
_n0
999 _c10013
_d10013